000 01246nam a2200313 a 4500
001 000114479
003 CHAP
005 20220329144443.0
008 180201s2017 mx |sm |||||||spa d
010 _a110940
011 _a111912
040 _cCHAP
090 _aTesis
100 1 _aMartínez Gómez, Abraham
_9134564
245 1 0 _aIdentificaión y patogenicidad de hongos y Oomycetes asociados al amarillamiento y marchitez de la frambuesa (Rubus idaeus L.) en Michoacán y Jalisco
_h[En línea]
_cpor Abraham Martínez Gómez.
260 _aChapingo, Méx. :
_bEl autor,
_c2017.
500 _aPara ver el contenido del material haga clic en la liga
502 _aTesis (Ing. Agr. Esp. en Parasitología Agrícola) -- UACH. Departamento de Parasitología Agrícola
590 _aE11695DGD
_b10
_c20180202
_lUCH01
_h1151
590 _aE6337LMJ
_b05
_c20180201
_lUCH01
_h1247
590 _aE6337LMJ
_b05
_c20180201
_lUCH01
_h1247
650 1 4 _aFrambuesa
_xEnfermedades por hongos.
_9134566
650 1 4 _aHongos fitopatógenos
_xControl.
_9129457
650 1 4 _aHongos fitopatógenos
_xIdentificación.
_9131720
856 _aFinding aid
_uhttp://10.13.5.2/tesis/sist114479.pdf
_zTeclea aquí
901 _aBK
942 _cTESIS
942 _n0
999 _c110940
_d110940